| 000 | 00571nam a2200229 a 4500 | ||
|---|---|---|---|
| 999 |
_c5568 _d5568 |
||
| 001 | 5568 | ||
| 003 | BD-JhCC | ||
| 005 | 20171221195904.0 | ||
| 008 | 171218s1985 u |||| || | 001 0 eng d | ||
| 020 | _a0534044344 | ||
| 035 | _a(BD-JhCC)5568 | ||
| 040 |
_aBD-JhCC _dBD-JhCC |
||
| 041 | _aeng | ||
| 082 |
_a512.9 _bSEL 1985 |
||
| 100 | _aSellers, Gene | ||
| 245 |
_aIntermediate Algebra / _cGene Sellers, |
||
| 260 |
_aUSA : _bBrooks/Cole Publishing Company, _c1985. |
||
| 300 |
_aA55 524 P. : _c24 p. : |
||
| 650 | _aAlgebra | ||
| 942 |
_2ddc _cBK |
||